Premiers éléments d'algèbre précedés des programmes officiels arrétés le 24 mars 1865 pour l'enseignement de l'algèbre dans les classes de seconde et de philosophie / par H. Sonnet, docteur dès sciences, inspecteur de l'Académie de Paris, professeur à l'École centrale des art et manufactures. Ouvrage autorisé par le conseil de l'instruction publique

Detalles Bibliográficos
Autor principal: Sonnet, Hippolyte, 1802-1879
Formato: Libro
Lenguaje:French
Publicado: Paris : librairie de L. Hachette et cie., 1866.
Edición:Cinquiéme édition
Materias:
Colección:Banco de datos
Acervo:Seminario Conciliar de Nuestra Señora de Guadalupe Querétaro. Qro.. Biblioteca Florencio Rosas. Fondo Histórico
Descripción Física:VIII, 263 p. ; 18 cm.
Tema general:Álgebra
Notas:Texto con signaturas y notas a pie de página. Colofón: Paris. Imprimerie générale de Ch, Lahure. Encuadernación holandesa. Daños de humedad
LEADER 01093nam a22001930004500
035 |a 6876 
041 0 |a fre 
100 1 |a Sonnet, Hippolyte, 1802-1879 
245 1 0 |a Premiers éléments d'algèbre précedés des programmes officiels arrétés le 24 mars 1865 pour l'enseignement de l'algèbre dans les classes de seconde et de philosophie / par H. Sonnet, docteur dès sciences, inspecteur de l'Académie de Paris, professeur à l'École centrale des art et manufactures. Ouvrage autorisé par le conseil de l'instruction publique 
250 |a Cinquiéme édition 
260 |a Paris : librairie de L. Hachette et cie., 1866.  
300 |a VIII, 263 p. ; 18 cm.  
500 |a Texto con signaturas y notas a pie de página. Colofón: Paris. Imprimerie générale de Ch, Lahure. Encuadernación holandesa. Daños de humedad 
504 |a Incluye índice de contenido 
650 1 0 |a Álgebra 
949 |a Fondo Histórico: 15384 
942 |c Q.R.H.T 
943 |g Seminario Conciliar de Nuestra Señora de Guadalupe Querétaro. Qro.. Biblioteca Florencio Rosas. Fondo Histórico 
999 |c 1088331  |d 1088331